000 00489pab a2200169 454500
008 180718b2006 xxu||||| |||| 00| 0 eng d
100 _aGramberg, Bernadine Van
245 _aThe influence of knowledge sharing on transfer of training: a proposed research strategy
260 _c2006
300 _ap.47-58.
362 _aMar
650 _aKnowledge management
650 _aTraining
700 _aBaharim, Shahril
773 _aICSSR Journal of Knowledge Management
909 _a69279
999 _c69279
_d69279